000 00446nam a2200157 i 4500
001 133934
003 ES-MaACL
005 20230906194549.0
007 t|
008 070904s1960 sp ||||1| spa d
100 1 _aWallace, Lewis.
_9115952
245 1 0 _aBen-Hur
_b: una historia de los tiempos de Cristo /
_cLewis Wallace.
260 _aBarcelona :
_bBruguera,
_c[1960]
300 _a479 p. ;
_c24 cm.
852 _aES-MaACL
_jC-18657
_bR.46720
999 _c133934
_d133934